Intímny vzťah v područí diabla spoveď Ľubomíra Kolníka, ktorý po spoznaní hokejového neba prežíva životné peklo

Bibliographic Details
Main Authors: Náprstek, Maroš (Author, Interviewer), Kolník, Ľubomír, 1968- (Author)
Format: Article
Language:Slovak
PhysicalDescription:Fotogr.
ISSN:0139-7001
Subjects:
Online Access:http://denniksport.sk/article/155594/intimny-vztah-v-podruci-diabla

MARC

LEADER 00000nab a2200000 ar4500
001 vtls010196135
003 SK-MaSNL
005 20260303092225.0
008 101209c20101130xo |||||||||||000 b|slo
015 |a SNBRB2010/12  |2 snkbucl 
038 |a SNKBUCL 
040 |a SNKBUCL  |b slo  |c SNKBUCL  |e AACR2 
041 0 |a slo 
044 |a xo  |c SK 
080 |a 796.966.071.2  |2 2001 
080 |a 929 Kolník, Ľubomír  |2 2001 
100 1 |a Náprstek, Maroš  |4 ivr  |4 aut  |9 612289 
245 1 0 |a Intímny vzťah v područí diabla  |b spoveď Ľubomíra Kolníka, ktorý po spoznaní hokejového neba prežíva životné peklo  |c Maroš Náprstek 
300 |b Fotogr. 
600 1 7 |a Kolník, Ľubomír,  |d 1968-  |2 snkbucl  |9 110695 
650 0 7 |a ľadový hokej  |2 snkbucl  |9 3231 
655 7 |a rozhovory  |2 snkbucl  |9 31831 
700 1 |a Kolník, Ľubomír,  |d 1968-  |4 ive  |4 aut  |9 110695 
773 0 |t Šport  |g Roč. 64, č. 275 (30.11.2010), s. 28-29  |x 0139-7001 
852 |a SNK  |b KIS3GCP 
856 4 1 |u http://denniksport.sk/article/155594/intimny-vztah-v-podruci-diabla 
999 |c 1811313  |d 1813243